Estudio agrícola del Vallés : 1874 / a cura de: Ramon Garrabou, Jordi Planas 1874 / a cura de:
ISBN:
84-87790-32-1
Descripción Física:
287 ; 30 cm
Colección:
Treballs del MDG ; 3
MARC
| LEADER | 00000nam a2200000Ia 4500 | ||
|---|---|---|---|
| 001 | 20790 | ||
| 008 | 160829s1998 xx 000 0 cat d | ||
| 020 | |a 84-87790-32-1 | ||
| 080 | |a M-6-90 | ||
| 100 | |a Garrabou, Ramon |9 40760 | ||
| 245 | |a Estudio agrícola del Vallés : |b 1874 / a cura de: |b Ramon Garrabou, Jordi Planas | ||
| 260 | |a Granollers : |b Museu de Granollers, |c 1998 | ||
| 300 | |a 287 ; |c 30 cm | ||
| 490 | |a Treballs del MDG ; 3 | ||
| 650 | |a Agricultura |x Aspectes econòmics |x Vallès Oriental |x 1874 |9 40761 | ||
| 650 | |a Agricultura |x Investigació |x Vallès Oriental |x 1874 |9 40762 | ||
| 650 | |a Vallès Oriental (Catalunya) |x Història |x S. XIX |9 40763 | ||
| 700 | |a Planas i Maresma, Jordi |9 40764 | ||
| 700 | |a Museu de Granollers |9 22909 | ||
| 901 | |a Arxiu | ||
| 942 | |n 1 | ||
| 952 | |0 0 |1 0 |4 0 |6 M690 |7 1 |9 49892 |a Arxiu |b Arxiu |d 2016-12-01 |l 0 |o M-6-90 |p 20790 |r 2016-12-01 00:00:00 |w 2016-12-01 |y ARXIU | ||
| 999 | |c 53734 |d 53734 | ||